| 000 | 00000nam##2200000za#4500 |
| 001 | 9.637693 |
| 003 | CaOODSP |
| 005 | 20210624221326 |
| 007 | cr ||||||||||| |
| 008 | 150407|2001||||xxc|||||o f|0| 0 fre|d |
| 040 | |aCaOODSP|bfre |
| 043 | |an-cn--- |
| 086 | 1 |aA21-44/2001F-PDF |
| 110 | 1 |aCanada. |bAgriculture et agroalimentaire Canada. |bDirection générale des politiques stratégiques. |
| 245 | 10|aRevenu agricole, situation financière et aide gouvernementale : |h[ressource électronique]|brecueil de données |
| 260 | |aOttawa - Ontario : |bAgriculture et Agroalimentaire Canada. |c2001. |
| 300 | |a102p.|bfigures, graphiques, tableaux |
| 500 | |aLe n° de catalogue (A21-44/2001) copié dans cette publication électronique est incorrect. |
| 590 | |a10-05-Supp|b2010-07-20 |
| 691 | 07|aExploitation agricole|2gcpds |
| 691 | 07|aIndicateurs économiques|2gcpds |
| 691 | 07|aProgramme d'aide agricole|2gcpds |
| 775 | 08|tFarm income, financial conditions and government assistance : |w(CaOODSP)9.693515 |
| 776 | 0#|tFarm income, financial conditions and government assistance : |w(CaOODSP)9.662757 |
| 776 | 0#|tRevenu agricole, situation financière et aide gouvernementale : |w(CaOODSP)9.662758 |
| 856 | 40|ahttp://publications.gc.ca|qPDF|s3020 Ko|uhttps://publications.gc.ca/collections/Collection/A21-44-2001F.pdf |